[Event "DVM U20 2003"]
[Site "Ditzingen GER"]
[Date "2003.12.29"]
[Round "5"]
[White "Vintan, Cristina-Mihaela"]
[Black "Menkowski, Patrick"]
[Result "1/2-1/2"]
[Termination "normal"]
[Board "5.6"]
[WhiteElo "1435"]
[BlackElo "1752"]
[WhiteTeam "TuS Geretsried"]
[BlackTeam "SF Berghofen-Wambel"]
[PlyCount "51"]
[EventCountry "GER"]
[EventRounds "7"]
[EventType "team-swiss"]
[EventDate "2003.12.26"]

1. Nf3 d5 2. g3 Nf6 3. Bg2 c5 4. d3 Nc6 5. O-O e6 6. c4 Be7 7. cxd5 exd5 8. e3
O-O 9. d4 c4 10. Nc3 a6 11. a3 Na5 12. Qc2 g6 13. Nh4 Nb3 14. Rb1 Be6 15. Bd2
Ne8 16. Rbe1 Bxh4 17. gxh4 Qxh4 18. Nxd5 Bxd5 19. Bxd5 Nf6 20. Bg2 Nxd2 21.
Qxd2 Rab8 22. Rc1 Ne4 23. Bxe4 Qxe4 24. Rxc4 Qg4+ 25. Kh1 Qf3+ 26. Kg1 1/2-1/2

[Event "DVM U20 2003"]
[Site "Ditzingen GER"]
[Date "2003.12.29"]
[Round "5"]
[White "Buckan, Jens"]
[Black "Koch, Moritz"]
[Result "0-1"]
[Termination "normal"]
[Board "6.1"]
[WhiteElo "2107"]
[BlackElo "2230"]
[WhiteTeam "SV Empor Erfurt"]
[BlackTeam "SV Puschendorf"]
[PlyCount "128"]
[WhiteFideId "4684508"]
[BlackFideId "4678460"]
[EventCountry "GER"]
[EventRounds "7"]
[EventType "team-swiss"]
[EventDate "2003.12.26"]

1. e4 e5 2. Nf3 Nc6 3. Bb5 Nf6 4. Qe2 Be7 5. c3 d6 6. h3 O-O 7. O-O Bd7 8. d4
a6 9. Bc4 h6 10. Rd1 Re8 11. Nbd2 exd4 12. cxd4 d5 13. Bd3 dxe4 14. Nxe4 Bf5
15. Nxf6+ Bxf6 16. Be3 Bxd3 17. Qxd3 Qd5 18. a3 Rad8 19. Rac1 Re7 20. b4 Red7
21. Rc5 Qd6 22. Qe4 Qe6 23. Qc2 Be7 24. Rc3 Rd5 25. Bf4 Bd6 26. Re3 Qf5 27.
Qxf5 Rxf5 28. Bxd6 Rxd6 29. Rc1 f6 30. Kf1 Kf7 31. Rc5 Rfd5 32. Ke1 Rd7 33.
Rxd5 Rxd5 34. Rd3 Ke6 35. Kd2 h5 36. Kc3 g5 37. Nd2 b6 38. Kc4 Kd6 39. Ne4+ Ke6
40. Ng3 b5+ 41. Kc3 g4 42. hxg4 hxg4 43. Ne4 a5 44. Nc5+ Kf5 45. bxa5 Nxd4 46.
Rxd4 Rxc5+ 47. Kb4 Re5 48. Rd2 c6 49. a6 Re4+ 50. Kc5 Ra4 51. Kb6 Rxa3 52. a7
b4 53. Kb7 Ke5 54. Kxc6 Rxa7 55. Kc5 b3 56. Kc4 Ra2 57. Rd5+ Ke6 58. Rb5 Rxf2
59. Kxb3 Rxg2 60. Kc3 Re2 61. Kd3 Re5 62. Rb4 Kf5 63. Kd2 g3 64. Rb8 Kf4 0-1

[Event "DVM U20 2003"]
[Site "Ditzingen GER"]
[Date "2003.12.29"]
[Round "5"]
[White "Lauer, Moritz"]
[Black "Gehlhaar, Christian"]
[Result "1/2-1/2"]
[Termination "normal"]
[Board "6.2"]
[WhiteElo "2191"]
[BlackElo "2119"]
[WhiteTeam "SV Puschendorf"]
[BlackTeam "SV Empor Erfurt"]
[PlyCount "125"]
[WhiteFideId "4678354"]
[BlackFideId "4663888"]
[EventCountry "GER"]
[EventRounds "7"]
[EventType "team-swiss"]
[EventDate "2003.12.26"]

1. e4 c5 2. c3 e6 3. d4 d5 4. exd5 exd5 5. Be3 cxd4 6. Bxd4 Nc6 7. Nf3 Nxd4 8.
Nxd4 Nf6 9. Bb5+ Bd7 10. O-O Bxb5 11. Nxb5 Be7 12. Qd3 O-O 13. Nd2 Re8 14. Nf3
Qb6 15. Rab1 Bc5 16. Nbd4 Re4 17. Nb3 Rae8 18. Nxc5 Qxc5 19. Nd4 a6 20. a3 Qc7
21. Qg3 Qd7 22. f3 Nh5 23. Qg5 R8e5 24. Qd2 Re3 25. Rbe1 Rxe1 26. Rxe1 Qe7 27.
Rxe5 Qxe5 28. Qe2 f6 29. g3 g6 30. Kf2 Kf7 31. Qe3 Ng7 32. Ne2 Ne8 33. Qb6 Nd6
34. Nf4 Ke8 35. Qc5 d4 36. Qxd4 Qxd4+ 37. cxd4 Nc4 38. Nd3 Kd7 39. a4 b6 40. b3
Na5 41. Nc1 Kd6 42. Ke3 Kd5 43. Kd3 Nc6 44. Ne2 Nb4+ 45. Kc3 Na2+ 46. Kd2 Nb4
47. h4 f5 48. Kc3 Na2+ 49. Kd3 Nb4+ 50. Kd2 h6 51. Nf4+ Kxd4 52. Nxg6 Nd5 53.
h5 Kc5 54. Ne5 Kb4 55. Nf7 Nf6 56. Nxh6 Nxh5 57. Nxf5 Kxb3 58. Nd4+ Kxa4 59.
Ne2 Kb3 60. g4 Nf6 61. g5 Ng8 62. f4 Kc4 63. f5 1/2-1/2

[Event "DVM U20 2003"]
[Site "Ditzingen GER"]
[Date "2003.12.29"]
[Round "5"]
[White "Michalowski, Peter"]
[Black "Lowitz, Torsten"]
[Result "0-1"]
[Termination "normal"]
[Board "6.3"]
[WhiteElo "1787"]
[BlackElo "2134"]
[WhiteTeam "SV Empor Erfurt"]
[BlackTeam "SV Puschendorf"]
[PlyCount "58"]
[WhiteFideId "24609978"]
[BlackFideId "4681924"]
[EventCountry "GER"]
[EventRounds "7"]
[EventType "team-swiss"]
[EventDate "2003.12.26"]

1. e4 c5 2. Nf3 d6 3. d4 cxd4 4. Nxd4 Nf6 5. Nc3 a6 6. Be3 e5 7. Nb3 Be6 8. f3
Be7 9. Qd2 Qc7 10. O-O-O O-O 11. g4 Nbd7 12. g5 Nh5 13. Kb1 b5 14. Nd5 Bxd5 15.
exd5 Nb6 16. Rg1 Rac8 17. Qf2 Nc4 18. Bxc4 bxc4 19. Bb6 Qd7 20. Na5 Nf4 21. Qe1
c3 22. Be3 Qb5 23. Nb3 Nxd5 24. Bc1 Rc4 25. Rg4 Rfc8 26. Rxc4 Qxc4 27. Qe4 cxb2
28. Bxb2 Nc3+ 29. Bxc3 Qxc3 0-1

[Event "DVM U20 2003"]
[Site "Ditzingen GER"]
[Date "2003.12.29"]
[Round "5"]
[White "Moyles-Johnson, Yannick"]
[Black "Strauch, Martin"]
[Result "1/2-1/2"]
[Termination "normal"]
[Board "6.4"]
[WhiteElo "1587"]
[BlackElo "1670"]
[WhiteTeam "SV Puschendorf"]
[BlackTeam "SV Empor Erfurt"]
[PlyCount "45"]
[EventCountry "GER"]
[EventRounds "7"]
[EventType "team-swiss"]
[EventDate "2003.12.26"]

1. Nf3 Nf6 2. d4 g6 3. Bf4 Bg7 4. Nc3 O-O 5. Qd2 Re8 6. Bh6 Bh8 7. h4 d5 8. h5
Nc6 9. hxg6 fxg6 10. g3 Ne4 11. Nxe4 dxe4 12. Ng5 Nxd4 13. O-O-O Bf5 14. Nxh7
c5 15. c3 Rc8 16. Qg5 Qa5 17. g4 Nb3+ 18. Kb1 Rcd8 19. Bg2 Nd2+ 20. Kc1 Qxa2
21. Rxd2 Qa1+ 22. Kc2 Qa4+ 23. Kc1 1/2-1/2

[Event "DVM U20 2003"]
[Site "Ditzingen GER"]
[Date "2003.12.29"]
[Round "5"]
[White "Schoel, Tobias"]
[Black "Lingl, Xenia"]
[Result "1-0"]
[Termination "normal"]
[Board "6.5"]
[WhiteElo "1693"]
[BlackElo "1144"]
[WhiteTeam "SV Empor Erfurt"]
[BlackTeam "SV Puschendorf"]
[PlyCount "71"]
[EventCountry "GER"]
[EventRounds "7"]
[EventType "team-swiss"]
[EventDate "2003.12.26"]

1. e4 e5 2. Nf3 Nc6 3. d4 exd4 4. Nxd4 Bc5 5. Be3 Qf6 6. c3 Nge7 7. Bc4 Ng6 8.
O-O O-O 9. f4 d6 10. Kh1 Qh4 11. Nd2 Bd7 12. N2f3 Qh5 13. Qd2 Rad8 14. f5 Nge7
15. Ng5 Ne5 16. Be2 Qh4 17. g3 Qh6 18. Nge6 Qh3 19. Nf4 Qh6 20. Nh5 Qxe3 21.
Qxe3 Bc6 22. f6 N7g6 23. Nxg7 d5 24. Nh5 Rfe8 25. b4 Bf8 26. Nf5 dxe4 27. Nhg7
Nd7 28. Nh6+ Kh8 29. Nxe8 Rxe8 30. Nxf7+ Kg8 31. Bc4 Nxf6 32. Rxf6 Re7 33. Nh6+
Kg7 34. Raf1 Rd7 35. Rf7+ Rxf7 36. Rxf7+ 1-0

[Event "DVM U20 2003"]
[Site "Ditzingen GER"]
[Date "2003.12.29"]
[Round "5"]
[White "Kittler, Alexander"]
[Black "Sabelfeld, Nastja"]
[Result "0-1"]
[Termination "normal"]
[Board "6.6"]
[WhiteElo "972"]
[BlackElo "1565"]
[WhiteTeam "SV Puschendorf"]
[BlackTeam "SV Empor Erfurt"]
[PlyCount "116"]
[WhiteFideId "24669954"]
[EventCountry "GER"]
[EventRounds "7"]
[EventType "team-swiss"]
[EventDate "2003.12.26"]

1. e4 c5 2. Nf3 d6 3. Be2 Nf6 4. O-O Nxe4 5. d3 Nf6 6. Bg5 e6 7. Nc3 Be7 8. Qd2
Nc6 9. Rfe1 h6 10. Bh4 O-O 11. Rad1 Qb6 12. Ne4 Nxe4 13. dxe4 Bxh4 14. Nxh4
Qxb2 15. Bc4 Rd8 16. Bb3 Qf6 17. Nf3 b5 18. a3 c4 19. Ba2 Qb2 20. Ra1 Qxa3 21.
Bxc4 Qc5 22. Bb3 a5 23. Re3 Bb7 24. Rc3 Qb6 25. h3 Nb4 26. Qe2 d5 27. exd5 Bxd5
28. Bxd5 Nxd5 29. Rb3 b4 30. Rd1 Rdc8 31. c4 Nc3 32. Qc2 Nxd1 33. Qxd1 Rxc4 34.
Ne5 Rd4 35. Qf3 Rf8 36. g4 Qd6 37. Qe3 a4 38. Rb1 Rd1+ 39. Rxd1 Qxd1+ 40. Kg2
Qd5+ 41. Kg1 b3 42. Qc3 Qd1+ 43. Kg2 Qc2 44. Qxc2 bxc2 45. Nd3 Rd8 46. Nc1 Rd1
47. Na2 c1=Q 48. Nxc1 Rxc1 49. f4 a3 50. Kg3 a2 51. Kh4 a1=Q 52. f5 Qf6+ 53.
Kg3 exf5 54. gxf5 Rc3+ 55. Kf4 Qg5+ (55... Qd4#) 56. Ke5 Qe3+ 57. Kd6 Qd4+ 58.
Ke7 Re3# 0-1

[Event "DVM U20 2003"]
[Site "Ditzingen GER"]
[Date "2003.12.29"]
[Round "5"]
[White "Serbu, Eli"]
[Black "Ortmann, David"]
[Result "0-1"]
[Termination "normal"]
[Board "7.1"]
[WhiteElo "2144"]
[BlackElo "2280"]
[WhiteTeam "SV SF Aachen-Hörn"]
[BlackTeam "TSF Ditzingen"]
[PlyCount "62"]
[WhiteFideId "4690990"]
[BlackFideId "4651588"]
[EventCountry "GER"]
[EventRounds "7"]
[EventType "team-swiss"]
[EventDate "2003.12.26"]

1. e4 e6 2. d4 d5 3. Nd2 Be7 4. Ngf3 Nf6 5. e5 Nfd7 6. Bd3 c5 7. c3 Nc6 8. O-O
a5 9. Re1 cxd4 10. cxd4 Qb6 11. Qa4 Qb4 12. Qxb4 Nxb4 13. Bb1 a4 14. Nf1 Nb6
15. a3 Nc6 16. Bd2 Nc4 17. Bc3 Bd7 18. N3d2 Nxd2 19. Nxd2 O-O 20. Bd3 Rfc8 21.
Rac1 Rab8 22. Nf3 b5 23. Re2 b4 24. axb4 Nxb4 25. Bb1 Bb5 26. Rd2 Rc6 27. Rcd1
Rbc8 28. g3 a3 29. Ne1 Ba4 30. Nd3 Bxd1 31. Bxb4 Rc1 0-1

[Event "DVM U20 2003"]
[Site "Ditzingen GER"]
[Date "2003.12.29"]
[Round "5"]
[White "Behm, Simon"]
[Black "Fadavian, Marius"]
[Result "1-0"]
[Termination "normal"]
[Board "7.2"]
[WhiteElo "2045"]
[BlackElo "2042"]
[WhiteTeam "TSF Ditzingen"]
[BlackTeam "SV SF Aachen-Hörn"]
[PlyCount "79"]
[WhiteFideId "4691962"]
[BlackFideId "4686519"]
[EventCountry "GER"]
[EventRounds "7"]
[EventType "team-swiss"]
[EventDate "2003.12.26"]

1. d4 d6 2. c4 e5 3. Nc3 exd4 4. Qxd4 Nc6 5. Qd1 Be7 6. b3 f5 7. Bb2 Nf6 8. e3
O-O 9. Nh3 Ne4 10. Nd5 Be6 11. Nhf4 Bf7 12. Bd3 Bg5 13. O-O Ne5 14. Bxe4 fxe4
15. Bxe5 dxe5 16. Ne2 Bh5 17. Qe1 Bg6 18. Rd1 Qc8 19. Ng3 c6 20. Nc3 Qg4 21.
Qe2 Qxe2 22. Ngxe2 Bh4 23. g3 Bg5 24. Rd7 Rf7 25. Rfd1 Raf8 26. Rxf7 Rxf7 27.
Na4 Bh5 28. Rd2 b6 29. c5 b5 30. Nac3 Bg6 31. b4 a5 32. a3 axb4 33. axb4 Ra7
34. Ra2 Rd7 35. Kf1 Kf7 36. Ke1 Ke7 37. Ra6 Rc7 38. Nc1 Ke6 39. Nxb5 Rb7 40.
Rb6 1-0

[Event "DVM U20 2003"]
[Site "Ditzingen GER"]
[Date "2003.12.29"]
[Round "5"]
[White "Probst, Patrick"]
[Black "Reinhold, Dirk"]
[Result "1-0"]
[Termination "normal"]
[Board "7.3"]
[WhiteElo "1826"]
[BlackElo "2018"]
[WhiteTeam "SV SF Aachen-Hörn"]
[BlackTeam "TSF Ditzingen"]
[PlyCount "35"]
[BlackFideId "4685849"]
[EventCountry "GER"]
[EventRounds "7"]
[EventType "team-swiss"]
[EventDate "2003.12.26"]

1. d4 Nf6 2. c4 e6 3. Nc3 d5 4. cxd5 exd5 5. Bg5 c6 6. e3 Bf5 7. Qf3 Qd7 8.
Bxf6 Bg4 9. Qf4 gxf6 10. Qxf6 Rg8 11. Nf3 Rg6 12. Qf4 Bxf3 13. Qxf3 Qc7 14. Bd3
Rg7 15. O-O-O Nd7 16. Kb1 a6 17. Rc1 O-O-O 18. Nxd5 1-0

[Event "DVM U20 2003"]
[Site "Ditzingen GER"]
[Date "2003.12.29"]
[Round "5"]
[White "Scheerer, Kim"]
[Black "Jürgens, Florian"]
[Result "0-1"]
[Termination "normal"]
[Board "7.4"]
[WhiteElo "1389"]
[BlackElo "1743"]
[WhiteTeam "TSF Ditzingen"]
[BlackTeam "SV SF Aachen-Hörn"]
[PlyCount "62"]
[EventCountry "GER"]
[EventRounds "7"]
[EventType "team-swiss"]
[EventDate "2003.12.26"]

1. e4 e5 2. Nf3 Nc6 3. Bc4 Nf6 4. Nc3 Be7 5. d4 Nxd4 6. Nxd4 exd4 7. Qxd4 d6 8.
O-O O-O 9. Bf4 b6 10. e5 c5 11. Qd3 Nh5 12. exd6 Nxf4 13. dxe7 Qxe7 14. Qf3 Qg5
15. Ne4 Qg4 16. Nf6+ gxf6 17. Qxa8 Nh3+ 18. Kh1 Qxc4 19. gxh3 Kh8 20. Rg1 Qa6
21. Rg3 Bb7+ 22. Qxb7 Qxb7+ 23. Kg1 Rg8 24. Rd1 Rxg3+ 25. hxg3 Kg7 26. a4 Qe4
27. Rd3 Qxa4 28. Rb3 c4 29. Rc3 Qa1+ 30. Kg2 Qd1 31. Rxc4 Qd5+ 0-1

[Event "DVM U20 2003"]
[Site "Ditzingen GER"]
[Date "2003.12.29"]
[Round "5"]
[White "Delpy, Rene"]
[Black "Beeck, Alexander"]
[Result "1-0"]
[Termination "normal"]
[Board "7.5"]
[WhiteElo "1508"]
[BlackElo "1315"]
[WhiteTeam "SV SF Aachen-Hörn"]
[BlackTeam "TSF Ditzingen"]
[PlyCount "45"]
[EventCountry "GER"]
[EventRounds "7"]
[EventType "team-swiss"]
[EventDate "2003.12.26"]

1. e4 c5 2. c3 d6 3. d4 cxd4 4. cxd4 Nf6 5. Nc3 Nc6 6. f3 Bd7 7. Be3 Rc8 8. d5
Ne5 9. Bxa7 g6 10. Qb3 Qa5 11. Bb6 Qa8 12. Nb5 Bxb5 13. Bxb5+ Ned7 14. f4 Bh6
15. e5 Bxf4 16. e6 fxe6 17. dxe6 Rc5 18. exd7+ Nxd7 19. Bxc5 dxc5 20. Bxd7+
Kxd7 21. Qb5+ Kc8 22. Qxc5+ Bc7 23. Rc1 1-0

[Event "DVM U20 2003"]
[Site "Ditzingen GER"]
[Date "2003.12.29"]
[Round "5"]
[White "Friese, Florian"]
[Black "Elgourt, Maja"]
[Result "0-1"]
[Termination "normal"]
[Board "7.6"]
[WhiteElo "1085"]
[BlackElo "1486"]
[WhiteTeam "TSF Ditzingen"]
[BlackTeam "SV SF Aachen-Hörn"]
[PlyCount "48"]
[EventCountry "GER"]
[EventRounds "7"]
[EventType "team-swiss"]
[EventDate "2003.12.26"]

1. e4 d6 2. Nf3 Nf6 3. Nc3 g6 4. d4 Bg7 5. Bc4 c6 6. e5 dxe5 7. Nxe5 O-O 8. O-O
Nd5 9. Nxd5 cxd5 10. Bb3 e6 11. Ba4 a6 12. c3 f5 13. Qe2 f4 14. Qf3 Qh4 15. h3
Bxe5 16. dxe5 b5 17. Bc2 Nc6 18. a4 bxa4 19. Bxa4 Nxe5 20. Qe2 Nc4 21. b3 f3
22. gxf3 Qxh3 23. bxc4 Rf5 24. Bd1 Rh5 0-1

[Event "DVM U20 2003"]
[Site "Ditzingen GER"]
[Date "2003.12.29"]
[Round "6"]
[White "Kritz, Leonid"]
[Black "Wehner, Roland"]
[Result "1/2-1/2"]
[Termination "normal"]
[Board "1.1"]
[WhiteElo "2533"]
[BlackElo "2182"]
[WhiteTeam "SG Bochum 31"]
[BlackTeam "SK Ettlingen"]
[PlyCount "168"]
[WhiteFideId "4653530"]
[BlackFideId "4683161"]
[EventCountry "GER"]
[EventRounds "7"]
[EventType "team-swiss"]
[EventDate "2003.12.26"]

1. e4 e6 2. d4 d5 3. Nc3 Nf6 4. e5 Nfd7 5. f4 c5 6. Nf3 Nc6 7. Be3 cxd4 8. Nxd4
Qb6 9. a3 Bc5 10. Ncb5 a6 11. Nxc6 axb5 12. Bxc5 Nxc5 13. Nd4 Bd7 14. c3 O-O
15. Be2 f6 16. Nf3 fxe5 17. fxe5 Ra4 18. Rf1 Re4 19. Qc2 Be8 20. Ng5 Rxf1+ 21.
Kxf1 Rf4+ 22. Bf3 Ne4 23. Nh3 Qe3 24. Nxf4 Nd2+ 25. Qxd2 Qxd2 26. Nxe6 Qxb2 27.
Rd1 Qxc3 28. Nd4 Bc6 29. e6 Kf8 30. Be2 Qxa3 31. Rd3 Qa1+ 32. Kf2 g6 33. h4 b4
34. Bd1 Ba4 35. Nb3 Qb1 36. Ke3 Bxb3 37. Bxb3 Qe1+ 38. Kd4 Qxe6 (38... Qe4+)
39. Rf3+ Kg7 40. Bxd5 Qg4+ 41. Kc5 Qxh4 42. Rf7+ Kh6 43. Rxb7 Kg5 44. Rxb4 Qf2+
45. Kc4 h5 46. Rb3 Kg4 47. Rd3 Qb6 48. Kc3 Kf4 49. Kd2 g5 50. Ke2 h4 51. Rb3
Qg1 52. Rb4+ Kg3 53. Rb3+ Kf4 54. Rb4+ Ke5 55. Bf3 Qc1 56. Rg4 Kf5 57. Kf2 Qh1
58. Ra4 Qh2 59. Bg4+ Ke5 60. Ra5+ Kf4 61. Ra4+ Ke5 62. Ra5+ Kd4 63. Ra4+ Kc3
64. Ra3+ Kb4 65. Rf3 Qe5 66. Bh3 Qb2+ 67. Kg1 Qd4+ 68. Kh2 g4 69. Bxg4 Qxg4 70.
Kg1 Kc4 71. Kh1 Kd4 72. Kg1 Ke4 73. Kh2 Qc8 74. Kg1 Qc1+ 75. Kh2 Qd2 76. Kg1
Qd1+ 77. Kh2 Qd6+ 78. Kg1 Qg3 79. Rxg3 hxg3 80. Kf1 Kd3 81. Ke1 Ke3 82. Kf1 Kd2
83. Kg1 Ke2 84. Kh1 Kf2 1/2-1/2

[Event "DVM U20 2003"]
[Site "Ditzingen GER"]
[Date "2003.12.29"]
[Round "6"]
[White "Friedel, Marcus"]
[Black "Zaragatski, Ilja"]
[Result "1/2-1/2"]
[Termination "normal"]
[Board "1.2"]
[WhiteElo "2089"]
[BlackElo "2337"]
[WhiteTeam "SK Ettlingen"]
[BlackTeam "SG Bochum 31"]
[PlyCount "108"]
[WhiteFideId "4688708"]
[BlackFideId "4655192"]
[EventCountry "GER"]
[EventRounds "7"]
[EventType "team-swiss"]
[EventDate "2003.12.26"]

1. e4 e6 2. d4 d5 3. Nc3 Nf6 4. Bg5 Be7 5. e5 Nfd7 6. Bxe7 Qxe7 7. f4 O-O 8.
Nf3 c5 9. dxc5 Nc6 10. Bd3 f5 11. exf6 Qxf6 12. g3 Nxc5 13. O-O Bd7 14. Qd2 a6
15. Rae1 b5 16. a3 Rac8 17. Ne5 Nxe5 18. Rxe5 Be8 19. Rfe1 Bf7 20. Qg2 Kh8 21.
Kh1 h6 22. Qh3 Bg6 23. Rxe6 Nxe6 24. Rxe6 Bf5 25. Rxf6 Bxh3 26. Rxa6 Bf5 27.
Bxf5 Rxf5 28. Rd6 Rc4 29. Nxb5 Rxc2 30. Nd4 Rc1+ 31. Kg2 Rf8 32. Rxd5 Rd1 33.
Ne6 Rxd5 34. Nxf8 Rd2+ 35. Kh3 Rxb2 36. Nd7 Ra2 37. Ne5 Rxa3 38. Kg4 Kg8 39.
Nc4 Ra2 40. h3 Kf7 41. Ne5+ Kf6 42. Nc4 Ra4 43. Ne3 Kg6 44. Ng2 h5+ 45. Kf3
Ra3+ 46. Ne3 Kf6 47. Kf2 Ra2+ 48. Kf3 Rh2 49. Nf1 Ra2 50. Ne3 Ke6 51. Ke4 Rh2
52. Kf3 h4 53. Nf1 Rxh3 54. Kg2 Rxg3+ 1/2-1/2

[Event "DVM U20 2003"]
[Site "Ditzingen GER"]
[Date "2003.12.29"]
[Round "6"]
[White "Schlawin, Marlon"]
[Black "Ehrenfried, Stefan"]
[Result "1-0"]
[Termination "normal"]
[Board "1.3"]
[WhiteElo "2293"]
[BlackElo "2136"]
[WhiteTeam "SG Bochum 31"]
[BlackTeam "SK Ettlingen"]
[PlyCount "35"]
[WhiteFideId "4675584"]
[BlackFideId "4687515"]
[EventCountry "GER"]
[EventRounds "7"]
[EventType "team-swiss"]
[EventDate "2003.12.26"]

1. e4 d5 2. exd5 Nf6 3. Nc3 Bg4 4. Bb5+ Nbd7 5. f3 Bf5 6. Nge2 a6 7. Ba4 b5 8.
Nd4 Bg6 9. Nc6 Qc8 10. Bb3 Nb6 11. O-O Qf5 12. Re1 Nc4 13. d3 Nxd5 14. dxc4
Nxc3 15. bxc3 Qc5+ 16. Nd4 O-O-O 17. Qe2 Rd6 18. Qe5 1-0

[Event "DVM U20 2003"]
[Site "Ditzingen GER"]
[Date "2003.12.29"]
[Round "6"]
[White "Schlippe, Axel"]
[Black "Becker, Martin Alexander"]
[Result "0-1"]
[Termination "normal"]
[Board "1.4"]
[WhiteElo "1994"]
[BlackElo "2244"]
[WhiteTeam "SK Ettlingen"]
[BlackTeam "SG Bochum 31"]
[PlyCount "102"]
[WhiteFideId "4683030"]
[BlackFideId "4680820"]
[EventCountry "GER"]
[EventRounds "7"]
[EventType "team-swiss"]
[EventDate "2003.12.26"]

1. Nf3 d5 2. d4 Nf6 3. c4 e6 4. Nc3 Be7 5. e3 O-O 6. Bd3 Nbd7 7. O-O dxc4 8.
Bxc4 a6 9. a3 b5 10. Ba2 Bb7 11. Qe2 c5 12. dxc5 Nxc5 13. Rd1 Qb6 14. b4 Nce4
15. Bb2 Rfc8 16. Rac1 Nd6 17. Nb1 Bd5 18. Bd4 Qb7 19. Bxd5 Nxd5 20. Nbd2 Nb6
21. Bc5 Ndc4 22. Bxe7 Qxe7 23. Nxc4 Nxc4 24. Rc3 a5 25. Nd4 axb4 26. axb4 Qxb4
27. Rb3 Qa4 28. Rdb1 Na3 29. Ra1 e5 30. Rbxa3 Qxa3 31. Rxa3 Rc1+ 32. Qf1 Rxf1+
33. Kxf1 Rxa3 34. Nxb5 Ra2 35. g3 Kf8 36. Kg2 Ke7 37. Kf3 Rc2 38. Na3 Rc1 39.
Nb5 Kd7 40. Na3 Kc6 41. Ke2 g5 42. h3 h5 43. Kf3 f5 44. Ke2 Kc5 45. Kd2 Rh1 46.
Nc2 Rxh3 47. Ke2 Rh1 48. Kd3 Rc1 49. Na3 h4 50. gxh4 gxh4 51. Ke2 h3 0-1

[Event "DVM U20 2003"]
[Site "Ditzingen GER"]
[Date "2003.12.29"]
[Round "6"]
[White "Iounoussov, Maksim"]
[Black "Fucik, Timo"]
[Result "0-1"]
[Termination "normal"]
[Board "1.5"]
[WhiteElo "2096"]
[BlackElo "1831"]
[WhiteTeam "SG Bochum 31"]
[BlackTeam "SK Ettlingen"]
[PlyCount "50"]
[WhiteFideId "4675436"]
[EventCountry "GER"]
[EventRounds "7"]
[EventType "team-swiss"]
[EventDate "2003.12.26"]

1. e4 c5 2. Nf3 d6 3. d4 Nf6 4. Nc3 cxd4 5. Nxd4 a6 6. f3 e6 7. Be3 Nbd7 8. Qd2
b5 9. g4 h6 10. h4 Bb7 11. O-O-O b4 12. Na4 Qa5 13. b3 Nc5 14. a3 Nxa4 15. axb4
Qc7 16. bxa4 d5 17. e5 Nd7 18. f4 Nb6 19. f5 Nxa4 20. fxe6 Nc3 21. exf7+ Kxf7
22. e6+ Kg8 23. Bf4 Bxb4 24. Qe3 Qa5 25. Nb3 d4 0-1

[Event "DVM U20 2003"]
[Site "Ditzingen GER"]
[Date "2003.12.29"]
[Round "6"]
[White "Mader, Michael"]
[Black "Smolka, Alexander"]
[Result "0-1"]
[Termination "normal"]
[Board "1.6"]
[WhiteElo "2079"]
[BlackElo "2136"]
[WhiteTeam "SK Ettlingen"]
[BlackTeam "SG Bochum 31"]
[PlyCount "80"]
[WhiteFideId "4696913"]
[BlackFideId "4685148"]
[EventCountry "GER"]
[EventRounds "7"]
[EventType "team-swiss"]
[EventDate "2003.12.26"]

1. e4 c5 2. Nf3 Nc6 3. d4 cxd4 4. Nxd4 Nf6 5. Nc3 e5 6. Ndb5 d6 7. Bg5 a6 8.
Na3 b5 9. Bxf6 gxf6 10. Nd5 f5 11. Bd3 Be6 12. c3 Bg7 13. O-O Bxd5 14. exd5 Ne7
15. Be2 f4 16. Nc2 O-O 17. a4 bxa4 18. Rxa4 a5 19. c4 f5 20. b4 axb4 21. Nxb4
Rxa4 22. Qxa4 Ng6 23. Qa3 e4 24. Nc2 f3 25. gxf3 Nf4 26. Kh1 Nxe2 27. fxe4 fxe4
28. Qe3 Nc3 29. Nd4 Bxd4 30. Qxd4 Qf6 31. Rg1+ Kh8 32. Qxf6+ Rxf6 33. c5 dxc5
34. Rc1 Nxd5 35. Rxc5 Nf4 36. Rc4 Nd3 37. Kg1 Nxf2 38. Rc2 e3 39. Re2 Nh3+ 40.
Kg2 Nf4+ 0-1

[Event "DVM U20 2003"]
[Site "Ditzingen GER"]
[Date "2003.12.29"]
[Round "6"]
[White "Hörr, Matthias"]
[Black "Langrock, Hannes"]
[Result "0-1"]
[Termination "normal"]
[Board "2.1"]
[WhiteElo "2055"]
[BlackElo "2336"]
[WhiteTeam "SK König Plauen"]
[BlackTeam "Hamburger SK von 1830"]
[PlyCount "84"]
[WhiteFideId "4681398"]
[BlackFideId "4655290"]
[EventCountry "GER"]
[EventRounds "7"]
[EventType "team-swiss"]
[EventDate "2003.12.26"]

1. e4 e6 2. d4 d5 3. e5 c5 4. c3 Bd7 5. Nf3 a6 6. Be2 cxd4 7. cxd4 Bb5 8. O-O
Bxe2 9. Qxe2 Nc6 10. Nc3 Nge7 11. Be3 Nf5 12. Rac1 Be7 13. a3 Na5 14. Nd2 b5
15. g4 Nxe3 16. fxe3 O-O 17. b4 Nc4 18. Nxc4 bxc4 19. Na4 a5 20. Nc5 Rb8 21.
Rb1 axb4 22. axb4 Rb5 23. Qc2 Bg5 24. Rf3 Qa8 25. Rbf1 Qc6 26. Qa4 Bxe3+ (26...
Rxc5 27. Qa7) 27. Rxe3 Rxc5 28. Qc2 Rb5 29. Rh3 h6 30. g5 Qb6 31. Rd1 Qd8 32.
gxh6 Qg5+ 33. Kh1 g6 34. h7+ Kh8 35. Rf1 Qg4 36. Rhf3 Qxd4 37. Rf4 Qxe5 38. Qf2
f5 39. Rg1 Qf6 40. Rh4 Rb7 41. Rh6 Rg7 42. h4 Rxh7 0-1

[Event "DVM U20 2003"]
[Site "Ditzingen GER"]
[Date "2003.12.29"]
[Round "6"]
[White "Frackowiak, Oliver"]
[Black "Engelhardt, Etienne"]
[Result "1-0"]
[Termination "normal"]
[Board "2.2"]
[WhiteElo "2110"]
[BlackElo "1832"]
[WhiteTeam "Hamburger SK von 1830"]
[BlackTeam "SK König Plauen"]
[PlyCount "63"]
[WhiteFideId "4677145"]
[BlackFideId "4687213"]
[EventCountry "GER"]
[EventRounds "7"]
[EventType "team-swiss"]
[EventDate "2003.12.26"]

1. e4 c6 2. Nc3 d5 3. Nf3 Bg4 4. h3 Bh5 5. exd5 cxd5 6. g4 Bg6 7. Bb5+ Nc6 8.
Ne5 Qd6 9. d4 a6 10. Bxc6+ bxc6 11. Bf4 Qe6 12. Na4 Nf6 13. Nc5 Qc8 14. h4 h6
15. Nxg6 fxg6 16. f3 e6 17. Nd3 Nd7 18. Qe2 Kf7 19. O-O-O c5 20. Rhe1 Qe8 21.
dxc5 Bxc5 22. Be3 Bd6 23. Bf4 Bc5 24. Bg3 Rc8 25. Nf4 Bd6 26. Qxa6 Bxf4+ 27.
Bxf4 Ra8 28. Qd6 Rxa2 29. Kb1 Ra5 30. c4 Nb6 31. Qxb6 Qa8 32. Qxe6+ 1-0

[Event "DVM U20 2003"]
[Site "Ditzingen GER"]
[Date "2003.12.29"]
[Round "6"]
[White "Pfeufer, Lion"]
[Black "Stejskal, Hans Christian"]
[Result "1/2-1/2"]
[Termination "normal"]
[Board "2.3"]
[WhiteElo "2015"]
[BlackElo "2119"]
[WhiteTeam "SK König Plauen"]
[BlackTeam "Hamburger SK von 1830"]
[PlyCount "66"]
[WhiteFideId "4681444"]
[BlackFideId "4685890"]
[EventCountry "GER"]
[EventRounds "7"]
[EventType "team-swiss"]
[EventDate "2003.12.26"]

1. e4 d5 2. exd5 Qxd5 3. Nc3 Qa5 4. d4 c6 5. Bc4 Bf5 6. Qe2 e6 7. Bd2 Qd8 8.
O-O-O Be7 9. g4 Bg6 10. Nf3 Nd7 11. h4 h5 12. g5 Qc7 13. Ne5 Nxe5 14. dxe5 Bb4
15. a3 Bxc3 16. Bxc3 a5 17. Rd6 Ne7 18. Rhd1 Nd5 19. Bxd5 cxd5 20. Qb5+ Ke7 21.
Rb6 Ra7 22. Rd2 Rha8 23. Bd4 Kf8 24. Rd6 Ra6 25. Rd7 Qc6 26. Rxb7 Qxb5 27. Rxb5
Be4 28. Bc3 a4 29. Rd4 Kg8 30. Rb7 R8a7 31. Rxa7 Rxa7 32. Bb4 Rc7 33. c3 Rc4
1/2-1/2